000 00848nam a22002297a 4500
999 _c20207
_d20207
003 AR-CdUCM
008 190527b ||||| |||| 00| 0 spa d
040 _aMUNICIPALIDAD PROVINCIAL DEL CUSCO
_cBIBLIOTECA MUNICIPAL DEL CUSCO
082 _a372.462 /
_bK84
100 _aKrumboltz, John D.
_942236
245 _aComo cambiar la conducta del niño /
260 _aArgentina :
_bGuadalupe,
_c1974.
300 _a301 páginas ;
_c24 cm.
440 _aBiblioteca pedagógica
_nProblemática de la educación
_942237
505 _aContenido : Como consolidar la conducta existente -- El desarrollo de las conductas nuevas -- El buen ejemplo...
650 _aNuevas conductas
_942238
650 _aAdolescentes
_925103
650 _aRelaciones sociales
_92706
700 _aBrandhorst krumboltz, Helen
_942239
942 _2ddc
_cLIBROS
945 _arcc